Banská Bystrica pamiatková rezervácia

Bibliographic Details
Main Author: Sura, Miroslav, 1948- (Author, Illustrator)
Other Authors: Slivka, Dušan, 1944- (Photographer), Úradníček, Vladimír, 1931-2010 (Illustrator)
Format: Book
Language:Slovak
PhysicalDescription:192 s. faksim., fotogr., ilustr., mp., 25 cm
Published: Bratislava Tatran 1982
Edition:1. vyd.
Series:Pamiatky mestských rezervácií
Subjects:

MARC

LEADER 00000cam a2200000 a 4500
001 vtls001099415
003 SK-MaSNL
005 20260301183057.0
008 240226s1982 xo abo f n 000 0 slo
015 |a SNBA1982/10 
020 |q (viaz.) 
035 |a SNK000042257 
035 |a AA06517E-1338-487B-A39C-FE42CB72E7C1 
035 |a urn:nbn:sk:snk-am00igbj 
040 |a SNK  |b slo  |c SNK  |e AACR2 
041 0 |a slo  |b eng  |b ger  |b rus 
043 |a e-xo--- 
044 |a xo  |c SK 
080 |a 719(437.642-21):779  |2 1981 
080 |a 779  |2 1981 
080 |a 779(437.6)  |2 1981 
080 |a (437.6)  |2 2008 
080 |a (048.8)  |2 2008 
100 1 |a Sura, Miroslav,  |d 1948-  |4 aut  |4 ill  |9 220546 
245 1 0 |a Banská Bystrica  |b pamiatková rezervácia  |c Miroslav Sura ; fotografie Dušan Slivka ; kresby Vladimír Úradníček a Miroslav Sura 
246 3 1 |a Banská Bystrica  |b gorod zapovednik 
246 3 1 |a Banská Bystrica  |b historical town reserve 
246 3 1 |a Banská Bystrica  |b eine Stadt unter Denkmalschutz 
250 |a 1. vyd. 
260 |a Bratislava  |b Tatran  |c 1982  |e Martin  |f Tlačiarne SNP 
300 |a 192 s.  |b faksim., fotogr., ilustr., mp.,  |c 25 cm 
366 |e 3000 výtl. 
490 1 |a Pamiatky mestských rezervácií  |v zv. 6 
504 |a Obsahuje bibliografiu 
546 |a Anglické, nemecké a ruské resumé 
650 0 7 |a architektonické pamiatky  |2 SNKPH  |9 28990 
650 0 7 |a ochrana pamiatok  |2 SNKPH  |9 29625 
650 0 7 |a mestské pamiatkové rezervácie  |2 SNKPH  |9 2934 
651 7 |a Banská Bystrica (Slovensko)  |2 SNKPHgeo  |9 22015 
655 7 |a monografie  |2 SNKPH  |9 70139 
700 1 |a Slivka, Dušan,  |d 1944-  |4 pht  |9 249825 
700 1 |a Úradníček, Vladimír,  |d 1931-2010  |4 ill  |9 175675 
830 0 |a Pamiatky mestských rezervácií  |9 362879 
852 |a Slovenská národná knižnica 
954 |a odborná, vedecká literatúra pôvodná (slovenská)  |2 lita 
958 |a OND 
958 |a NB 
958 |a TL 
958 |a EUIPO 
999 |c 855782  |d 857712 
952 |t P60, <04>, [BOOK], {604}  |a SNK  |b SNK  |y VYP  |7 0  |p 17A0056594  |o snkSC 56625 D1  |0 0  |1 0  |4 0  |d 1997-03-19  |l 0  |r 2004-12-31 00:00:00  |w 2026-02-24 
952 |t P60, <03>, [BOOK], {603}  |a SNK  |b SNK  |y PREZ  |7 0  |p 17A0091935  |o snkSC 56625  |i snkKSP 8681/82  |0 0  |1 0  |4 0  |d 1997-08-22  |f 1  |l 0  |r 2025-05-28 00:00:00  |w 2026-02-24